|
|
|
|
| LEADER |
00000nam0a2200000 4500 |
| 001 |
293569 |
| 005 |
20231102000615.0 |
| 035 |
|
|
|a (RuTPU)RU\TPU\book\318607
|
| 090 |
|
|
|a 293569
|
| 100 |
|
|
|a 20150505d1983 k y0rusy5003 ca
|
| 101 |
0 |
|
|a rus
|
| 102 |
|
|
|a RU
|
| 105 |
|
|
|a a z 001zy
|
| 200 |
1 |
|
|a Имитационные модели и их применение в управлении строительством
|f Ю. А. Куликов
|g Академия наук СССР (АН СССР)
|
| 210 |
|
|
|a Ленинград
|c Стройиздат
|d 1983
|
| 215 |
|
|
|a 224 с.
|c ил.
|
| 320 |
|
|
|a Библиогр.: с. 221-224
|
| 606 |
1 |
|
|a Строительство
|x Управление
|x Автоматизация
|2 stltpush
|3 (RuTPU)RU\TPU\subj\57890
|9 75739
|
| 610 |
1 |
|
|a сложные системы
|
| 610 |
1 |
|
|a имитационные модели
|
| 610 |
1 |
|
|a методология
|
| 610 |
1 |
|
|a целевые строительные программы
|
| 610 |
1 |
|
|a строительное производство
|
| 610 |
1 |
|
|a имитационное моделирование
|
| 675 |
|
|
|a 68:658.5.011.56
|v 3
|
| 700 |
|
1 |
|a Куликов
|b Ю. А.
|g Юрий Александрович
|
| 712 |
0 |
2 |
|a Академия наук СССР (АН СССР)
|c (Ленинград/Москва)
|c (1925-1991)
|2 stltpush
|3 (RuTPU)RU\TPU\col\722
|
| 801 |
|
0 |
|a RU
|b RuMRKP
|c 19950704
|g psbo
|
| 801 |
|
1 |
|a RU
|b 63413507
|c 20150505
|
| 801 |
|
2 |
|a RU
|b 63413507
|c 20181127
|g RCR
|
| 942 |
|
|
|c BK
|